Загрузка...
Index of mantras of Rig-Veda-Samhitha /
| Формат: | Printed Book |
|---|---|
| Язык: | Sanskrit |
| Опубликовано: |
Varanasi:
Krishnadas,
1984.
|
| Редактирование: | 1st ed. |
| Предметы: |
| LEADER | 00515cam a2200169ua 4500 | ||
|---|---|---|---|
| 008 | 080925t1984||||||||||| 00 ||san c | ||
| 041 | 0 | |a san | |
| 082 | |a S294.592 12 |b RIG | ||
| 245 | 0 | 0 | |a Index of mantras of Rig-Veda-Samhitha / |
| 250 | |a 1st ed. | ||
| 260 | |a Varanasi: |b Krishnadas, |c 1984. | ||
| 362 | 1 | |a 1984. | |
| 365 | |e hb | ||
| 650 | 0 | |a Rig-Veda | |
| 942 | |c REF | ||
| 999 | |c 19418 |d 19418 | ||
| 952 | |0 0 |1 0 |4 0 |6 S_294_592000000000000_12_RI |7 0 |9 20298 |a KUCL |b KUCL |d 2014-05-23 |l 0 |o S294.592 12 RI |p 20252 |r 2017-03-09 |w 2014-05-23 |y REF | ||